000 01041nam a22003137a 4500
001 BR8701521
003 BR-BrBNA
005 20230928092423.0
007 ta
008 230509b bl.||||| |||| 00| 0 por d
040 _aBR-BrBNA
_bpor
_cBiblioteca Nacional de Agricultura
041 _a(Por)
072 _aE70
_b3801
_b3840
_b/G514
090 _ 3801 BR8701521
100 1 _aMeyer, I.O.
100 1 _aDias, S.H.
110 1 _aDiretoria Estadual do Ministerio da Agricultura em Santa Catarina, Florianopolis (Brasil)
_93430
245 1 _aResultados analiticos da fiscalizacao do comercio de corretivos e fertilizantes em Santa Catarina [Brasil]
260 3 _aFlorianopolis, SC (Brasil):
_c1977.
300 _a32 p.
500 _a(*) Documento disponível no(a) Empresa Catarinense de Pesquisa Agropecuaria S.A., Florianopolis, SC (Brazil)
650 _aCOMERCIO
650 _aCORRETIVO
650 _aFERTILIZANTE
650 _aINDUSTRIA
650 _aSANTA CATARINA
909 _a202309
_bLucia
_c55
_dLucia Elande
942 _cBK
999 _c38954
_d38954